000 00558nam a2200193Ia 4500
003 GCL
008 140319s9999 xx 000 0 eng d
040 _aGCL /
_cGCL
082 0 4 _a860.03
_bC D
100 1 _aCARANTES, MIGUEL
245 1 0 _aDON QUIXOTE OF THE MANCHA: THE FIRST PART OF THE DELIGHT FUL HISTORY KNIGHT /
_cCARANTES, MIGUEL
700 1 _aSHELTON, THOMAS
260 _a[S.N] :
_bCROLIER ENTER PRISES ،
_c1993
300 _a519
650 0 4 _aSPANISH LITERATURE
650 0 4 _aFOLKLORE LITERATURE
650 0 4 _aDON QUIXOTE
942 _2ddc
_cBK
999 _c11011
_d11011